<?xml version="1.0" encoding="UTF-8"?>
<record
    xmlns:xsi="http://www.w3.org/2001/XMLSchema-instance"
    xsi:schemaLocation="http://www.loc.gov/MARC21/slim http://www.loc.gov/standards/marcxml/schema/MARC21slim.xsd"
    xmlns="http://www.loc.gov/MARC21/slim">

  <leader>02248    a2200253   4500</leader>
  <controlfield tag="003">NALT</controlfield>
  <controlfield tag="005">20260304152231.0</controlfield>
  <controlfield tag="008">230411b        th ||||| |||| 00| 0 tha d</controlfield>
  <datafield tag="020" ind1=" " ind2=" ">
    <subfield code="a">9786165811972</subfield>
  </datafield>
  <datafield tag="040" ind1=" " ind2=" ">
    <subfield code="a">NALT</subfield>
  </datafield>
  <datafield tag="090" ind1=" " ind2=" ">
    <subfield code="a">KE 11</subfield>
    <subfield code="b">&#xE2A;881&#xE01; 2565</subfield>
  </datafield>
  <datafield tag="100" ind1="0" ind2=" ">
    <subfield code="a">&#xE2A;&#xE38;&#xE27;&#xE34;&#xE17;&#xE22;&#xE4C;  &#xE1B;&#xE31;&#xE0D;&#xE0D;&#xE32;&#xE27;&#xE07;&#xE28;&#xE4C;</subfield>
    <subfield code="9">29618</subfield>
  </datafield>
  <datafield tag="245" ind1="1" ind2="0">
    <subfield code="a">&#xE01;&#xE0E;&#xE2B;&#xE21;&#xE32;&#xE22;&#xE21;&#xE2B;&#xE32;&#xE0A;&#xE19; /</subfield>
    <subfield code="c">&#xE2A;&#xE38;&#xE27;&#xE34;&#xE17;&#xE22;&#xE4C;  &#xE1B;&#xE31;&#xE0D;&#xE0D;&#xE32;&#xE27;&#xE07;&#xE28;&#xE4C;.</subfield>
  </datafield>
  <datafield tag="250" ind1=" " ind2=" ">
    <subfield code="a">&#xE1E;&#xE34;&#xE21;&#xE1E;&#xE4C;&#xE04;&#xE23;&#xE31;&#xE49;&#xE07;&#xE17;&#xE35;&#xE48; 5 (&#xE41;&#xE01;&#xE49;&#xE44;&#xE02;&#xE40;&#xE1E;&#xE34;&#xE48;&#xE21;&#xE40;&#xE15;&#xE34;&#xE21;)</subfield>
  </datafield>
  <datafield tag="260" ind1=" " ind2=" ">
    <subfield code="a">&#xE01;&#xE23;&#xE38;&#xE07;&#xE40;&#xE17;&#xE1E;&#xE2F; :</subfield>
    <subfield code="b">&#xE27;&#xE34;&#xE0D;&#xE0D;&#xE38;&#xE0A;&#xE19;,</subfield>
    <subfield code="c">2565.</subfield>
  </datafield>
  <datafield tag="300" ind1=" " ind2=" ">
    <subfield code="a">204 &#xE2B;&#xE19;&#xE49;&#xE32; :</subfield>
    <subfield code="c">26 &#xE0B;&#xE21;.</subfield>
  </datafield>
  <datafield tag="505" ind1="1" ind2=" ">
    <subfield code="a">&#xE1A;&#xE17;&#xE17;&#xE35;&#xE48; 1 &#xE04;&#xE27;&#xE32;&#xE21;&#xE2B;&#xE21;&#xE32;&#xE22;&#xE02;&#xE2D;&#xE07;&#xE01;&#xE0E;&#xE2B;&#xE21;&#xE32;&#xE22;&#xE41;&#xE25;&#xE30;&#xE04;&#xE27;&#xE32;&#xE21;&#xE2B;&#xE21;&#xE32;&#xE22;&#xE02;&#xE2D;&#xE07;&#xE01;&#xE0E;&#xE2B;&#xE21;&#xE32;&#xE22;&#xE21;&#xE2B;&#xE32;&#xE0A;&#xE19; -- &#xE1A;&#xE17;&#xE17;&#xE35;&#xE48; 2 &#xE01;&#xE32;&#xE23;&#xE41;&#xE1A;&#xE48;&#xE07;&#xE41;&#xE22;&#xE01;&#xE01;&#xE0E;&#xE2B;&#xE21;&#xE32;&#xE22;&#xE21;&#xE2B;&#xE32;&#xE0A;&#xE19;&#xE01;&#xE31;&#xE1A;&#xE01;&#xE0E;&#xE2B;&#xE21;&#xE32;&#xE22;&#xE40;&#xE2D;&#xE01;&#xE0A;&#xE19;&#xE41;&#xE25;&#xE30;&#xE01;&#xE32;&#xE23;&#xE41;&#xE1A;&#xE48;&#xE07;&#xE41;&#xE22;&#xE01;&#xE2A;&#xE32;&#xE02;&#xE32;&#xE22;&#xE48;&#xE2D;&#xE22;&#xE02;&#xE2D;&#xE07;&#xE01;&#xE0E;&#xE2B;&#xE21;&#xE32;&#xE22;&#xE21;&#xE2B;&#xE32;&#xE0A;&#xE19; -- &#xE1A;&#xE17;&#xE17;&#xE35;&#xE48; 3 &#xE1E;&#xE31;&#xE12;&#xE19;&#xE32;&#xE01;&#xE32;&#xE23;&#xE02;&#xE2D;&#xE07;&#xE01;&#xE0E;&#xE2B;&#xE21;&#xE32;&#xE22;&#xE21;&#xE2B;&#xE32;&#xE0A;&#xE19; -- &#xE1A;&#xE17;&#xE17;&#xE35;&#xE48; 4 &#xE19;&#xE34;&#xE15;&#xE34;&#xE27;&#xE34;&#xE18;&#xE35;&#xE43;&#xE19;&#xE17;&#xE32;&#xE07;&#xE01;&#xE0E;&#xE2B;&#xE21;&#xE32;&#xE22;&#xE21;&#xE2B;&#xE32;&#xE0A;&#xE19; -- &#xE1A;&#xE17;&#xE17;&#xE35;&#xE48; 5 &#xE2B;&#xE25;&#xE31;&#xE01;&#xE01;&#xE32;&#xE23;&#xE1E;&#xE37;&#xE49;&#xE19;&#xE10;&#xE32;&#xE19;&#xE17;&#xE35;&#xE48;&#xE2A;&#xE33;&#xE04;&#xE31;&#xE0D;&#xE43;&#xE19;&#xE17;&#xE32;&#xE07;&#xE21;&#xE2B;&#xE32;&#xE0A;&#xE19; -- &#xE1A;&#xE17;&#xE17;&#xE35;&#xE48; 6 &#xE17;&#xE24;&#xE29;&#xE0E;&#xE35;&#xE27;&#xE48;&#xE32;&#xE14;&#xE49;&#xE27;&#xE22;&#xE23;&#xE31;&#xE10; -- &#xE1A;&#xE17;&#xE17;&#xE35;&#xE48; 7 &#xE2D;&#xE07;&#xE04;&#xE4C;&#xE01;&#xE23;&#xE02;&#xE2D;&#xE07;&#xE23;&#xE31;&#xE10;&#xE41;&#xE25;&#xE30;&#xE2B;&#xE25;&#xE31;&#xE01;&#xE01;&#xE32;&#xE23;&#xE08;&#xE31;&#xE14;&#xE23;&#xE30;&#xE40;&#xE1A;&#xE35;&#xE22;&#xE1A;&#xE23;&#xE32;&#xE0A;&#xE01;&#xE32;&#xE23;&#xE1A;&#xE23;&#xE34;&#xE2B;&#xE32;&#xE23; -- &#xE1A;&#xE17;&#xE17;&#xE35;&#xE48; 8 &#xE01;&#xE32;&#xE23;&#xE08;&#xE31;&#xE14;&#xE17;&#xE33;&#xE20;&#xE32;&#xE23;&#xE01;&#xE34;&#xE08;&#xE02;&#xE2D;&#xE07;&#xE23;&#xE31;&#xE10; -- &#xE1A;&#xE17;&#xE17;&#xE35;&#xE48; 9 &#xE01;&#xE32;&#xE23;&#xE04;&#xE27;&#xE1A;&#xE04;&#xE38;&#xE21;&#xE41;&#xE25;&#xE30;&#xE15;&#xE23;&#xE27;&#xE08;&#xE2A;&#xE2D;&#xE1A;&#xE01;&#xE32;&#xE23;&#xE43;&#xE0A;&#xE49;&#xE2D;&#xE33;&#xE19;&#xE32;&#xE08;&#xE23;&#xE31;&#xE10; -- &#xE1A;&#xE17;&#xE17;&#xE35;&#xE48; 10 &#xE23;&#xE30;&#xE1A;&#xE1A;&#xE28;&#xE32;&#xE25;&#xE43;&#xE19;&#xE17;&#xE32;&#xE07;&#xE21;&#xE2B;&#xE32;&#xE0A;&#xE19; -- &#xE1A;&#xE17;&#xE17;&#xE35;&#xE48; 11 &#xE2B;&#xE25;&#xE31;&#xE01;&#xE04;&#xE34;&#xE14;&#xE43;&#xE19;&#xE01;&#xE32;&#xE23;&#xE15;&#xE35;&#xE04;&#xE27;&#xE32;&#xE21;&#xE01;&#xE0E;&#xE2B;&#xE21;&#xE32;&#xE22;&#xE21;&#xE2B;&#xE32;&#xE0A;&#xE19;.</subfield>
  </datafield>
  <datafield tag="650" ind1=" " ind2="4">
    <subfield code="9">2028</subfield>
    <subfield code="a">&#xE01;&#xE0E;&#xE2B;&#xE21;&#xE32;&#xE22;&#xE21;&#xE2B;&#xE32;&#xE0A;&#xE19;</subfield>
  </datafield>
  <datafield tag="650" ind1=" " ind2="4">
    <subfield code="9">9722</subfield>
    <subfield code="a">&#xE2B;&#xE25;&#xE31;&#xE01;&#xE19;&#xE34;&#xE15;&#xE34;&#xE18;&#xE23;&#xE23;&#xE21;</subfield>
  </datafield>
  <datafield tag="850" ind1=" " ind2=" ">
    <subfield code="a">NALT</subfield>
  </datafield>
  <datafield tag="942" ind1=" " ind2=" ">
    <subfield code="2">local</subfield>
    <subfield code="c">LB</subfield>
  </datafield>
  <datafield tag="996" ind1=" " ind2=" ">
    <subfield code="a">areerat.v</subfield>
    <subfield code="b">CATSTF	</subfield>
    <subfield code="c">2023-04-11</subfield>
  </datafield>
  <datafield tag="999" ind1=" " ind2=" ">
    <subfield code="c">101724</subfield>
    <subfield code="d">101724</subfield>
  </datafield>
  <datafield tag="998" ind1=" " ind2=" ">
    <subfield code="j">111</subfield>
    <subfield code="k"> &#xE19;&#xE32;&#xE07;&#xE2A;&#xE32;&#xE27;&#xE1E;&#xE08;&#xE1E;&#xE34;&#xE13;  &#xE1E;&#xE23;&#xE21;&#xE40;&#xE2D;&#xE35;&#xE48;&#xE22;&#xE21;</subfield>
  </datafield>
  <datafield tag="952" ind1=" " ind2=" ">
    <subfield code="0">0</subfield>
    <subfield code="1">0</subfield>
    <subfield code="2">local</subfield>
    <subfield code="4">0</subfield>
    <subfield code="7">0</subfield>
    <subfield code="8">CLAW</subfield>
    <subfield code="a">NALT</subfield>
    <subfield code="b">NALT</subfield>
    <subfield code="c">LAW</subfield>
    <subfield code="d">2023-04-06</subfield>
    <subfield code="e">23</subfield>
    <subfield code="l">19</subfield>
    <subfield code="m">4</subfield>
    <subfield code="o">KE 11 &#xE2A;881&#xE01; 2565</subfield>
    <subfield code="p">3961213670</subfield>
    <subfield code="r">2026-03-11 00:00:00</subfield>
    <subfield code="s">2026-03-04</subfield>
    <subfield code="w">2023-04-06</subfield>
    <subfield code="y">LB</subfield>
  </datafield>
</record>
